000 02141nam0a2200349 i 4500
001 RU\NLR\BIBL_A\010433082
005 20241103073722.0
010 _a9785967509573
_9100
021 _aRU
_b2014-38183
_92328
035 _a(NILC)RuMoRGB-007499912
035 _a(NLR Aleph) 010433082
090 _a9858540
_c9858540
100 _a20140721d2013 um y0rusy50 ca
101 0 _arus
102 _aRU
105 _aa|||j||||01yy
200 1 _aОбеспечение качества и безопасности продукции аквакультуры
_eучебное пособие
_eдля студентов высших учебных заведений, обучающихся по направлениям "Зоотехния", "Технология производства и переработки сельскохозяйственной продукции"
_fМ. В. Сытова, А. В. Жигин
_gМ-во сельского хоз-ва Российской Федерации,, Российский гос. аграрный ун-т - МСХА им. К. А. Тимирязева
210 _aМосква
_cИзд-во РГАУ-МСХА
_d2013
215 _a181 с.
_cил.
_d20
320 _aБиблиогр.: с. 172-181 (103 назв.)
606 _aАквакультура
_jУчебные издания для высших учебных заведений
_xЭкологическая безопасность
_92194011
_3RU\NLR\AUTH\6601554235
606 0 _aРыбная промышленность
_jУчебные издания для высших учебных заведений
_xКачество продукции
_xУправление
_92375219
_3RU\NLR\AUTH\661417486
610 0 _aбезопасность продукции аквакультуры
686 1 _aП728.5я73
686 1 _aУ35(2)-823.2-21я73
700 1 _aСытова
_bМ. В.
_gМарина Владимировна
701 1 _aЖигин
_bА. В.
_gАлексей Васильевич
801 0 _aRU
_bРГБ
_c20140530
_gRCR
942 _cBOOK
980 _aNBR